[Event "Quebec op"]
[Site "Montreal CAN"]
[Date "2012.07.28"]
[Round "9"]
[White "Rondon, Luciano"]
[Black "Chiku-Ratte, Olivier-Kenta"]
[Result "0-1"]
[WhiteElo "1844"]
[BlackElo "2196"]
[PlyCount "62"]
[GameId "2160767909442233"]
[EventDate "2012.07.21"]
[EventType "swiss"]
[EventRounds "9"]
[EventCountry "CAN"]
[SourceTitle "hb 2012"]

1. d4 Nf6 2. c4 c5 3. d5 e6 4. Nc3 exd5 5. cxd5 d6 6. e4 g6 7. Nf3 Bg7 8. Be2 O-O 9. Nd2 Re8 10. O-O Nbd7 11. Qc2 Ne5 12. h3 g5 13. Nc4 h6 14. Ne3 Ng6 15. Bg4 b5 16. Bxc8 Rxc8 17. Nxb5 Nxe4 18. Nxa7 Ra8 19. Nc6 Qd7 20. Nc4 Qf5 21. Ne3 Qd7 22. Nc4 Nf6 23. Nb6 Qb7 24. Nxa8 Nxd5 25. Na5 Qxa8 26. Nc4 Nh4 27. f4 Bd4+ 28. Kh1 Nb4 29. Qd2 Qa6 30. fxg5 Qxc4 31. Qf4 Re4 0-1

[Event "Quebec op"]
[Site "Montreal CAN"]
[Date "2012.07.28"]
[Round "9"]
[White "So, Wesley"]
[Black "Sambuev, Bator"]
[Result "1-0"]
[WhiteElo "2650"]
[BlackElo "2542"]
[PlyCount "149"]
[GameId "2160767909442234"]
[EventDate "2012.07.21"]
[EventType "swiss"]
[EventRounds "9"]
[EventCountry "CAN"]
[SourceTitle "CBM 149 Extra"]
[Source "ChessBase"]
[SourceDate "2012.08.24"]
[SourceVersion "1"]
[SourceVersionDate "2012.08.24"]
[SourceQuality "1"]

1. d4 d5 2. c4 c6 3. Nf3 e6 4. e3 Bd6 5. Bd3 f5 6. O-O Nf6 7. b3 Qe7 8. a4 O-O 9. a5 Nbd7 10. Ba3 Ne4 11. Bxd6 Qxd6 12. Qc2 Rf6 13. Nc3 Rh6 14. g3 g5 15. Bxe4 fxe4 16. Nxg5 Qe7 17. f4 Nf6 18. Nd1 Bd7 19. Nf2 a6 20. Kh1 Kh8 21. Rg1 Rg8 22. Rg2 Rh5 23. Qc3 h6 24. Ngh3 Kh7 25. Rag1 e5 26. dxe5 Ng4 27. Rf1 Nxe5 28. fxe5 Rxh3 29. cxd5 cxd5 30. Nxh3 Bxh3 31. Qd4 Rf8 32. Rf4 Rxf4 33. gxf4 Bxg2+ 34. Kxg2 Qg7+ 35. Kf2 Qg4 36. Qb6 Qh4+ 37. Kf1 Qxh2 38. Qxb7+ Kg6 39. Qxa6+ Kh7 40. Qb7+ Kg6 41. Qa6+ Kh7 42. Qe2 Qh1+ 43. Kf2 Qh2+ 44. Ke1 Qg1+ 45. Kd2 d4 46. exd4 Qxd4+ 47. Kc2 Qc5+ 48. Kd1 Qd5+ 49. Kc1 Qc5+ 50. Qc4 Qg1+ 51. Kb2 e3 52. a6 Qf2+ 53. Qc2+ Kg7 54. a7 e2 55. a8=Q e1=Q 56. Qb7+ Kf8 57. Qbc8+ Kg7 58. Qd7+ Kf8 59. e6 Qxc2+ 60. Kxc2 Qe2+ 61. Kb1 Qe1+ 62. Kb2 Qe2+ 63. Ka3 Qa6+ 64. Kb4 Qb6+ 65. Kc4 Qa6+ 66. Kc5 Qa5+ 67. Kc4 Qa6+ 68. Kc3 Qa1+ 69. Kd2 Qb2+ 70. Ke1 Qc1+ 71. Ke2 Qc2+ 72. Kf3 Qxb3+ 73. Kg4 h5+ 74. Kh4 Kg8 75. e7 1-0

[Event "Quebec op"]
[Site "Montreal CAN"]
[Date "2012.07.28"]
[Round "9"]
[White "Sumets, Andrey"]
[Black "Naroditsky, Daniel"]
[Result "1-0"]
[WhiteElo "2618"]
[BlackElo "2486"]
[PlyCount "69"]
[GameId "2160767909442235"]
[EventDate "2012.07.21"]
[EventType "swiss"]
[EventRounds "9"]
[EventCountry "CAN"]
[SourceTitle "CBM 149 Extra"]
[Source "ChessBase"]
[SourceDate "2012.08.24"]
[SourceVersion "1"]
[SourceVersionDate "2012.08.24"]
[SourceQuality "1"]

1. d4 Nf6 2. Nf3 g6 3. g3 Bg7 4. Bg2 O-O 5. O-O d6 6. Nc3 Nbd7 7. e4 e5 8. h3 Re8 9. Re1 c6 10. a4 a5 11. Be3 exd4 12. Bxd4 Rb8 13. Qd2 b5 14. axb5 cxb5 15. Nd5 a4 16. Qb4 Bb7 17. Nxf6+ Bxf6 18. Qxb5 Rxe4 19. Ba7 Rxe1+ 20. Rxe1 Bxf3 21. Bxb8 Bxg2 22. Kxg2 Bxb2 23. Qxb2 Nxb8 24. Qb5 Nd7 25. Qxa4 h5 26. Qd4 Nc5 27. Rd1 Qe7 28. c3 Qb7+ 29. Qd5 Qb2 30. c4 Qe2 31. Rd2 Qe1 32. Ra2 Ne6 33. h4 g5 34. hxg5 h4 35. Qf5 1-0

[Event "Quebec op"]
[Site "Montreal CAN"]
[Date "2012.07.28"]
[Round "9"]
[White "Tessier, Olivier"]
[Black "Hebert, Jean"]
[Result "0-1"]
[WhiteElo "2194"]
[BlackElo "2436"]
[PlyCount "110"]
[GameId "2160767909442236"]
[EventDate "2012.07.21"]
[EventType "swiss"]
[EventRounds "9"]
[EventCountry "CAN"]
[SourceTitle "EXT 2022"]
[Source "ChessBase"]
[SourceDate "2021.10.06"]
[SourceVersion "1"]
[SourceVersionDate "2021.10.06"]
[SourceQuality "1"]

1. e4 c5 2. Nc3 Nc6 3. f4 e6 4. Bb5 Nge7 5. Nf3 a6 6. Bxc6 Nxc6 7. O-O Be7 8. d3 d5 9. e5 O-O 10. g4 f6 11. Qe2 fxe5 12. Nxe5 Nxe5 13. fxe5 Rxf1+ 14. Qxf1 Bd7 15. Ne2 Qc7 16. Bf4 Rf8 17. Qh3 Qb6 18. b3 c4+ 19. Be3 Qc7 20. Bd4 cxd3 21. Qxd3 Bb5 22. Qd2 Bg5 23. Qxg5 Bxe2 24. c3 a5 25. Re1 Ba6 26. Qe3 a4 27. Bc5 Rf7 28. Bd6 Qd8 29. Qa7 h6 30. Qb8 Qxb8 31. Bxb8 Rf4 32. Re3 Rxg4+ 33. Kf2 d4 34. cxd4 Rxd4 35. a3 Bb5 36. bxa4 Bxa4 37. Bd6 Bc6 38. Bc5 Rc4 39. Bb4 g5 40. Bd6 Kg7 41. Be7 Kf7 42. Bd6 Kg6 43. Be7 Rf4+ 44. Ke2 Rh4 45. h3 Bg2 46. Rg3 Bxh3 47. Ke3 Bf5 48. Bd6 Rc4 49. Rg2 Be4 50. Rf2 Bf5 51. Rb2 Re4+ 52. Kd2 h5 53. Rxb7 h4 54. Bc5 h3 55. Bg1 Rg4 0-1

[Event "Quebec op"]
[Site "Montreal CAN"]
[Date "2012.07.28"]
[Round "9"]
[White "Thavandiran, Shiyam"]
[Black "Smith, Bryan G"]
[Result "1-0"]
[WhiteElo "2301"]
[BlackElo "2441"]
[PlyCount "109"]
[GameId "2160767909442237"]
[EventDate "2012.07.21"]
[EventType "swiss"]
[EventRounds "9"]
[EventCountry "CAN"]
[SourceTitle "CBM 149 Extra"]
[Source "ChessBase"]
[SourceDate "2012.08.24"]
[SourceVersion "1"]
[SourceVersionDate "2012.08.24"]
[SourceQuality "1"]

1. c4 g6 2. g3 Bg7 3. Bg2 d6 4. Nc3 e5 5. e4 Nc6 6. Nge2 Nge7 7. d3 a6 8. O-O O-O 9. Rb1 Be6 10. b4 Qd7 11. a4 Bh3 12. b5 Bxg2 13. Kxg2 axb5 14. axb5 Nd8 15. Nd5 Ne6 16. f4 exf4 17. Bb2 Nxd5 18. cxd5 Nc5 19. Bxg7 Kxg7 20. Qd2 fxg3 21. Nxg3 Qg4 22. b6 f6 23. bxc7 Rac8 24. h3 Qd7 25. d4 Na4 26. Rxb7 Rxc7 27. Rxc7 Qxc7 28. Ne2 Qe7 29. Qc2 Rb8 30. e5 fxe5 31. Qxa4 Qg5+ 32. Kh1 Kh6 33. dxe5 Rb2 34. h4 Qe3 35. Qf4+ Qxf4 36. Nxf4 dxe5 37. Ne6 Rd2 38. Nc7 Kh5 39. Kg1 Kxh4 40. Rf2 Rd1+ 41. Kg2 g5 42. Kf3 Kh3 43. Ke2 Rd4 44. Rf3+ Kg4 45. Ne8 h5 46. d6 e4 47. Rf1 h4 48. Ke3 Rd3+ 49. Kxe4 Rd2 50. Ke3 Ra2 51. d7 Ra8 52. Nf6+ Kh3 53. Rd1 Rd8 54. Kf2 Kh2 55. Rd3 1-0

[Event "Quebec op"]
[Site "Montreal CAN"]
[Date "2012.07.28"]
[Round "9"]
[White "Trottier, Emile"]
[Black "Auger, Bertrand"]
[Result "1-0"]
[WhiteElo "2066"]
[BlackElo "1928"]
[PlyCount "45"]
[GameId "2160767909442238"]
[EventDate "2012.07.21"]
[EventType "swiss"]
[EventRounds "9"]
[EventCountry "CAN"]
[SourceTitle "hb 2012"]

1. e4 e6 2. d4 d5 3. e5 c5 4. c3 Qb6 5. Nf3 Nc6 6. a3 Nh6 7. b4 cxd4 8. cxd4 Nf5 9. Be3 Be7 10. Bd3 h6 11. Nc3 Qd8 12. O-O g5 13. g4 Ng7 14. h3 O-O 15. Bc2 f6 16. exf6 Bxf6 17. Qd3 Ne7 18. Ne5 Bxe5 19. dxe5 d4 20. Bxd4 b6 21. Rad1 Bb7 22. Qh7+ Kf7 23. Nb5 1-0

[Event "Quebec op"]
[Site "Montreal CAN"]
[Date "2012.07.28"]
[Round "9"]
[White "Wu, Qiyou"]
[Black "Lebeau, Gilbert"]
[Result "1-0"]
[WhiteElo "2098"]
[BlackElo "1978"]
[PlyCount "165"]
[GameId "2160767909442239"]
[EventDate "2012.07.21"]
[EventType "swiss"]
[EventRounds "9"]
[EventCountry "CAN"]
[SourceTitle "hb 2012"]

1. e4 e5 2. Nf3 Nc6 3. Bb5 a6 4. Ba4 Nf6 5. Bxc6 dxc6 6. d3 Bd6 7. Nbd2 O-O 8. Nc4 Re8 9. O-O b5 10. Ne3 c5 11. b3 c6 12. Bb2 g6 13. h3 Nh5 14. Ng4 Bxg4 15. hxg4 Nf6 16. g5 Nh5 17. g3 Qe7 18. Kg2 Rf8 19. Rh1 f6 20. Bc1 f5 21. Rxh5 gxh5 22. Nh4 fxe4 23. dxe4 Rad8 24. Nf5 Qe6 25. Nh6+ Kg7 26. Qxh5 c4 27. Be3 Bb4 28. Rh1 Qg6 29. Nf5+ Rxf5 30. exf5 Qxf5 31. Qh6+ Kg8 32. Qxc6 e4 33. Qf6 Qxf6 34. gxf6 cxb3 35. cxb3 Bc3 36. Rh6 a5 37. Rh5 Bxf6 38. Rxb5 Bc3 39. a3 Kf7 40. Rb7+ Kg6 41. b4 axb4 42. axb4 h5 43. b5 Rd5 44. b6 Bd2 45. Bxd2 Rxd2 46. Re7 Kf5 47. b7 Rb2 48. Kh3 Rb4 49. Rf7+ Ke5 50. Kg2 Rb2 51. Re7+ Kf5 52. Kh3 Rb4 53. Rc7 Rb1 54. Rc5+ Kf6 55. Rxh5 Rxb7 56. Kg2 Rb2 57. Kf1 Ra2 58. Ke1 Rb2 59. Rd5 Ra2 60. Rd2 Ra3 61. Ke2 Ke5 62. Kf1 Rb3 63. Kg2 Ra3 64. Re2 Kf5 65. Kh3 Rb3 66. Rc2 Rb5 67. Rc8 Kg5 68. Rf8 Rb1 69. Rg8+ Kf5 70. g4+ Kf4 71. Rf8+ Kg5 72. Rf5+ Kg6 73. Re5 Rb3+ 74. Kg2 Rb4 75. Kg3 Kf6 76. Rf5+ Kg6 77. Rf4 Rb3+ 78. Kg2 Rb4 79. Rf5 Ra4 80. Kf1 Ra1+ 81. Ke2 Ra3 82. Re5 Ra4 83. Ke3 1-0

[Event "Quebec op"]
[Site "Montreal CAN"]
[Date "2012.07.28"]
[Round "9"]
[White "Xu, Haizhou"]
[Black "Tomb, Maroun"]
[Result "1/2-1/2"]
[WhiteElo "2126"]
[BlackElo "2087"]
[PlyCount "128"]
[GameId "2160767909442240"]
[EventDate "2012.07.21"]
[EventType "swiss"]
[EventRounds "9"]
[EventCountry "CAN"]
[SourceTitle "hb 2012"]

1. e4 c5 2. Nf3 Nc6 3. d4 cxd4 4. Nxd4 g6 5. Nc3 Bg7 6. Be3 Nf6 7. Bc4 O-O 8. Bb3 a5 9. f3 d5 10. Bxd5 Nxd5 11. exd5 Nb4 12. Nde2 Bf5 13. Rc1 b5 14. O-O Rc8 15. Nd4 Bxd4 16. Qxd4 Nxc2 17. Rxc2 Bxc2 18. Bh6 e5 19. Qxe5 f6 20. Qd4 Rf7 21. Nxb5 Qd7 22. Nc3 Qa7 23. Qxa7 Rxa7 24. Rf2 Bf5 25. Rd2 Kf7 26. Be3 Ra6 27. g4 Bd7 28. Ne4 Rd8 29. h4 h5 30. g5 fxg5 31. Nc5 Re8 32. Nxa6 Rxe3 33. Nc5 Ke7 34. hxg5 Rxf3 35. d6+ Kd8 36. Rf2 Bc6 37. Rxf3 Bxf3 38. Kf2 Bd5 39. b3 Kc8 40. Kg3 Bf7 41. Kf4 Be8 42. Ke5 Bc6 43. a3 Bf3 44. Ne6 Bg4 45. d7+ Kxd7 46. Nf8+ Kc6 47. Nxg6 Bd1 48. b4 axb4 49. axb4 Kb5 50. Nf4 h4 51. g6 Bc2 52. g7 Bh7 53. Kf6 Bg8 54. Ke7 Kxb4 55. Kf8 Bc4 56. Nh3 Bd5 57. Ng5 Kc5 58. Ke7 Bg8 59. Kf8 Bd5 60. Nf7 h3 61. g8=Q h2 62. Qg3 h1=Q 63. Qc3+ Bc4 64. Qa3+ Kd4 1/2-1/2

[Event "Quebec op"]
[Site "Montreal CAN"]
[Date "2012.07.28"]
[Round "9"]
[White "Yu, Zong Yang"]
[Black "Carrier, Claude"]
[Result "1/2-1/2"]
[WhiteElo "1943"]
[BlackElo "2197"]
[PlyCount "99"]
[GameId "2160767909442241"]
[EventDate "2012.07.21"]
[EventType "swiss"]
[EventRounds "9"]
[EventCountry "CAN"]
[SourceTitle "hb 2012"]

1. d4 Nf6 2. c4 g6 3. Nc3 d5 4. Nf3 Bg7 5. e3 O-O 6. b4 dxc4 7. Bxc4 a5 8. b5 c5 9. bxc6 Nxc6 10. Ba3 Bg4 11. Rc1 Qd7 12. O-O Rfc8 13. Qb3 a4 14. Qd1 Nxd4 15. Qxd4 Qxd4 16. Bxf7+ Kxf7 17. Nxd4 Rc4 18. Ne4 Rac8 19. Ng5+ Ke8 20. Rxc4 Rxc4 21. Rb1 Bc8 22. Nge6 Bh6 23. h4 Ne4 24. g4 Nc3 25. Rb2 Bxe6 26. Nxe6 Rxg4+ 27. Kf1 b5 28. Nc7+ Kf7 29. Bb4 Bg7 30. Bxc3 Bxc3 31. Rxb5 Rxh4 32. Nd5 Bf6 33. Ra5 Rh5 34. e4 Rh1+ 35. Kg2 Rd1 36. Rxa4 Rd4 37. Rxd4 Bxd4 38. a4 Ke6 39. f4 Kd6 40. Kf3 e6 41. Nb4 h5 42. Nd3 Kc6 43. Kg3 Kb6 44. e5 Ka5 45. Kh4 Kxa4 46. Kg5 Kb3 47. Kxg6 h4 48. Ne1 Kc4 49. Nf3 h3 50. f5 1/2-1/2

[Event "Quebec op U1300"]
[Site "Montreal CAN"]
[Date "2012.07.21"]
[Round "1"]
[White "Montreuil, Carl"]
[Black "Brisebois, Christian"]
[Result "1-0"]
[WhiteElo "1285"]
[BlackElo "1037"]
[PlyCount "39"]
[GameId "2160767909442243"]
[EventDate "2012.07.21"]
[EventType "swiss"]
[EventRounds "9"]
[EventCountry "CAN"]

1. d4 d5 2. c4 e6 3. Nf3 Nf6 4. Bg5 Bb4+ 5. Nc3 Nc6 6. e3 h6 7. Bh4 g5 8. Bg3 Ne4 9. Qc2 g4 10. Nd2 Qf6 11. Ndxe4 Qf5 12. cxd5 exd5 13. O-O-O dxe4 14. d5 Ne5 15. Qa4+ Bd7 16. Qxb4 O-O-O 17. Qa5 c6 18. Qxa7 Kc7 19. d6+ Kc8 20. Qa8# 1-0

[Event "Quebec op U1300"]
[Site "Montreal CAN"]
[Date "2012.07.22"]
[Round "2"]
[White "Boissiere, Nicolas"]
[Black "Yamagami, Tadashi"]
[Result "1-0"]
[WhiteElo "824"]
[BlackElo "1057"]
[PlyCount "105"]
[GameId "2160767909442244"]
[EventDate "2012.07.21"]
[EventType "swiss"]
[EventRounds "9"]
[EventCountry "CAN"]

1. d4 d5 2. c4 dxc4 3. Nc3 e6 4. Bf4 Bd6 5. Bxd6 cxd6 6. e3 d5 7. Nf3 Nc6 8. e4 Qa5 9. exd5 exd5 10. a3 Be6 11. b4 Qd8 12. Be2 Nf6 13. O-O O-O 14. Qd2 Ne4 15. Nxe4 dxe4 16. Ng5 Nxd4 17. Nxe6 Nxe2+ 18. Qxe2 fxe6 19. Qxe4 Qd5 20. Qxd5 exd5 21. Rad1 Rad8 22. Rd4 b5 23. Rfd1 Rfe8 24. f4 c3 25. Rc1 Re4 26. Rxe4 dxe4 27. Rxc3 Re8 28. Kf2 g6 29. Ke3 Kf7 30. g4 h6 31. Rc7+ Re7 32. Rxe7+ Kxe7 33. Kxe4 Ke6 34. h4 a6 35. h5 gxh5 36. gxh5 Kf6 37. f5 Kf7 38. Ke5 Ke7 39. f6+ Kf7 40. Kf5 Kf8 41. Ke6 Ke8 42. Kd6 Kf7 43. Kc6 Kxf6 44. Kb6 Kg5 45. Kxa6 Kxh5 46. Kxb5 Kg4 47. a4 h5 48. a5 h4 49. a6 h3 50. a7 h2 51. a8=Q Kh3 52. Qh1 Kg3 53. Kc4 1-0

[Event "Quebec op U1300"]
[Site "Montreal CAN"]
[Date "2012.07.22"]
[Round "2"]
[White "Dimitrov, Dimitar"]
[Black "Luo, Jia Yu"]
[Result "1-0"]
[WhiteElo "1245"]
[BlackElo "740"]
[PlyCount "26"]
[GameId "2160767909442247"]
[EventDate "2012.07.21"]
[EventType "swiss"]
[EventRounds "9"]
[EventCountry "CAN"]

1. d4 d5 2. c4 Nf6 3. Nc3 dxc4 4. e4 Nc6 5. Nf3 Bg4 6. e5 Nd5 7. Bxc4 Nxc3 8. bxc3 e6 9. Bf4 Bxf3 10. Qxf3 Be7 11. d5 exd5 12. Rd1 O-O 13. Bxd5 Bg5 1-0

[Event "Quebec op U1300"]
[Site "Montreal CAN"]
[Date "2012.07.22"]
[Round "2"]
[White "Dufour, Raymond"]
[Black "Mikhaylov, Dimitry"]
[Result "1-0"]
[WhiteElo "1168"]
[BlackElo "986"]
[PlyCount "47"]
[GameId "2160767909442248"]
[EventDate "2012.07.21"]
[EventType "swiss"]
[EventRounds "9"]
[EventCountry "CAN"]

1. e4 e5 2. Nf3 Nc6 3. Bb5 Bc5 4. O-O Nf6 5. Bxc6 dxc6 6. Nxe5 O-O 7. d3 Bd6 8. Nf3 c5 9. e5 Bxe5 10. Nxe5 Qd6 11. Re1 Re8 12. Nf3 Rxe1+ 13. Qxe1 Bf5 14. Be3 Nd5 15. Nc3 Qg6 16. Nxd5 Bh3 17. Ne7+ Kf8 18. Nxg6+ fxg6 19. Bxc5+ Kg8 20. Ng5 Bd7 21. Qe7 Bc6 22. Re1 Rc8 23. Bd4 Rf8 24. Qxg7# 1-0

[Event "Quebec op U1300"]
[Site "Montreal CAN"]
[Date "2012.07.22"]
[Round "3"]
[White "Bissonnette, Raphael"]
[Black "Boissiere, Nicolas"]
[Result "1-0"]
[WhiteElo "1185"]
[BlackElo "824"]
[PlyCount "141"]
[GameId "2160767909442249"]
[EventDate "2012.07.21"]
[EventType "swiss"]
[EventRounds "9"]
[EventCountry "CAN"]

1. d4 Nf6 2. c4 g6 3. Nc3 Bg7 4. e4 d6 5. Nf3 O-O 6. Be2 Nbd7 7. O-O e5 8. d5 Nc5 9. Qc2 b6 10. b4 Ncd7 11. Be3 a5 12. bxa5 bxa5 13. Rab1 Nc5 14. Nxe5 Ncxe4 15. Nc6 Qe8 16. Nb5 Qd7 17. f3 Nc5 18. Bxc5 dxc5 19. Qd2 Ba6 20. Nba7 Bb7 21. Rxb7 Rfe8 22. Bd3 Qd6 23. Rfb1 Kh8 24. Qxa5 Qf4 25. Bf1 Qe3+ 26. Kh1 Qf2 27. Qxc7 Re1 28. Rxe1 Qxe1 29. Kg1 Qe3+ 30. Kh1 Qf2 31. Rb1 Re8 32. Qxf7 Re1 33. Rxe1 Qxe1 34. h3 Qxf1+ 35. Kh2 Qxc4 36. Qe6 Qf4+ 37. Kg1 Qc1+ 38. Kf2 Qd2+ 39. Qe2 Qxe2+ 40. Kxe2 Nxd5 41. Kf2 Nc3 42. a3 Bf8 43. Nc8 c4 44. Nb6 Bxa3 45. Nxc4 Bc5+ 46. Kg3 Ne2+ 47. Kg4 Nd4 48. Nxd4 Bxd4 49. Nd6 Bf6 50. Ne4 h5+ 51. Kf4 Kg7 52. Nxf6 Kxf6 53. h4 Kg7 54. Kg5 Kf7 55. f4 Kg7 56. g3 Kf7 57. f5 gxf5 58. Kxf5 Kg7 59. Kg5 Kh7 60. Kxh5 Kg7 61. g4 Kh7 62. g5 Kg7 63. g6 Kg8 64. Kg5 Kg7 65. h5 Kh8 66. Kf6 Kg8 67. g7 Kh7 68. Kf7 Kh6 69. g8=Q Kxh5 70. Qg3 Kh6 71. Qg6# 1-0

[Event "Quebec op U1300"]
[Site "Montreal CAN"]
[Date "2012.07.23"]
[Round "4"]
[White "Boissiere, Nicolas"]
[Black "Ouimet, Alain"]
[Result "1-0"]
[WhiteElo "824"]
[BlackElo "1058"]
[PlyCount "69"]
[GameId "2160767909442252"]
[EventDate "2012.07.21"]
[EventType "swiss"]
[EventRounds "9"]
[EventCountry "CAN"]

1. d4 Nf6 2. c4 g6 3. Nc3 Bg7 4. e4 d6 5. Nf3 O-O 6. Be2 Nc6 7. Bg5 h6 8. Bh4 g5 9. Bg3 Nh5 10. O-O Nxg3 11. fxg3 e5 12. d5 Ne7 13. Qe1 f5 14. Nd2 g4 15. exf5 Nxf5 16. Bxg4 Qg5 17. Bxf5 Bxf5 18. Nde4 Qe7 19. Qe3 Rf7 20. Rf3 Raf8 21. Raf1 Bg4 22. Rxf7 Rxf7 23. Rxf7 Qxf7 24. Qxa7 b6 25. Qa8+ Kh7 26. Nf2 h5 27. Nce4 Bh6 28. Qb7 Be3 29. Kh1 Bxf2 30. Ng5+ Kg6 31. Nxf7 Kxf7 32. Qxc7+ Kf6 33. Qxd6+ Kf5 34. Qf8+ Ke4 35. Qxf2 1-0

[Event "Quebec op U1300"]
[Site "Montreal CAN"]
[Date "2012.07.25"]
[Round "6"]
[White "Dessureault, Sylvain"]
[Black "Boissiere, Nicolas"]
[Result "0-1"]
[WhiteElo "1252"]
[BlackElo "824"]
[PlyCount "42"]
[GameId "2160767909442253"]
[EventDate "2012.07.21"]
[EventType "swiss"]
[EventRounds "9"]
[EventCountry "CAN"]

1. c4 Nf6 2. Nf3 g6 3. Nc3 Bg7 4. g3 O-O 5. Bg2 d6 6. d4 Nbd7 7. e4 e5 8. O-O Re8 9. dxe5 dxe5 10. Qb3 Nc5 11. Qc2 Bg4 12. h3 Bxf3 13. Bxf3 Qd7 14. Bg2 Rad8 15. b4 Nd3 16. Rd1 Nxb4 17. Rxd7 Nxc2 18. Rxd8 Nxa1 19. Rd2 Bh6 20. Re2 Bxc1 21. Re1 Bd2 0-1

[Event "Quebec op U1300"]
[Site "Montreal CAN"]
[Date "2012.07.25"]
[Round "6"]
[White "Mikhaylov, Dimitry"]
[Black "Baptiste, Christ Darlie"]
[Result "1-0"]
[WhiteElo "986"]
[BlackElo "970"]
[PlyCount "29"]
[GameId "2160767909442254"]
[EventDate "2012.07.21"]
[EventType "swiss"]
[EventRounds "9"]
[EventCountry "CAN"]

1. e4 e5 2. Nf3 Nc6 3. Nc3 Bd6 4. Bc4 Bc5 5. d3 Nf6 6. Bg5 h6 7. Bh4 Bxf2+ 8. Bxf2 Nh5 9. Bh4 g5 10. Bg3 d6 11. Nd2 Rg8 12. Qxh5 Rg7 13. O-O Bd7 14. Rxf7 Rxf7 15. Qxf7# 1-0

[Event "Quebec op U1300"]
[Site "Montreal CAN"]
[Date "2012.07.26"]
[Round "7"]
[White "Novozhenin, Oleksandr"]
[Black "Boissiere, Nicolas"]
[Result "1-0"]
[WhiteElo "1286"]
[BlackElo "824"]
[PlyCount "113"]
[GameId "2160767909442255"]
[EventDate "2012.07.21"]
[EventType "swiss"]
[EventRounds "9"]
[EventCountry "CAN"]

1. e4 e5 2. Nf3 Nc6 3. Bc4 Nf6 4. Ng5 d5 5. exd5 Na5 6. Bb5+ c6 7. dxc6 bxc6 8. Bf1 h6 9. Nf3 e4 10. Ng1 Bc5 11. Nc3 O-O 12. Na4 Qd4 13. Nxc5 Qxc5 14. d3 Rd8 15. Bd2 Ng4 16. Nh3 e3 17. Bxe3 Nxe3 18. fxe3 Qxe3+ 19. Qe2 Qxe2+ 20. Kxe2 Bxh3 21. gxh3 Re8+ 22. Kd2 Rad8 23. Bg2 Re6 24. Rae1 Rde8 25. Rxe6 Rxe6 26. Re1 Rxe1 27. Kxe1 c5 28. Kd2 f5 29. Kc3 g5 30. b4 cxb4+ 31. Kxb4 h5 32. Kxa5 g4 33. Bd5+ Kg7 34. Be6 Kf6 35. Bxf5 Kxf5 36. hxg4+ Kxg4 37. c4 h4 38. c5 Kh3 39. c6 Kxh2 40. c7 Kg3 41. c8=Q h3 42. Qh8 Kg2 43. d4 h2 44. d5 h1=Q 45. Qxh1+ Kxh1 46. d6 Kg2 47. d7 a6 48. d8=Q Kf3 49. Qd4 Kg3 50. Qe4 Kh3 51. Qg6 Kh4 52. Kb4 a5+ 53. Kc4 a4 54. Kd4 a3 55. Ke4 Kh3 56. Kf3 Kh2 57. Qg2# 1-0

[Event "Quebec op U1300"]
[Site "Montreal CAN"]
[Date "2012.07.26"]
[Round "7"]
[White "Zhang, Evan"]
[Black "Johnson-Constantin, Mathieu"]
[Result "1/2-1/2"]
[WhiteElo "1254"]
[BlackElo "1232"]
[PlyCount "81"]
[GameId "2160767909442256"]
[EventDate "2012.07.21"]
[EventType "swiss"]
[EventRounds "9"]
[EventCountry "CAN"]

1. e4 e5 2. Nf3 Nc6 3. Nc3 Nf6 4. d4 exd4 5. Nxd4 Bb4 6. Nxc6 bxc6 7. Bd3 O-O 8. Bg5 Re8 9. O-O Bxc3 10. bxc3 d5 11. f3 Qd6 12. Bxf6 Qxf6 13. Qd2 d4 14. cxd4 Qxd4+ 15. Kh1 Ba6 16. Rad1 Rad8 17. Qa5 Bxd3 18. cxd3 Qb6 19. Qc3 Re6 20. f4 Qd4 21. Qc1 Red6 22. f5 Qe5 23. Qe3 c5 24. Qe2 Rh6 25. g4 Rh3 26. g5 Qd6 27. Rf3 Rxf3 28. Qxf3 Qa6 29. f6 g6 30. Qh3 Qd6 31. Qh6 Qf8 32. Qxf8+ Kxf8 33. Kg2 Rd4 34. Kf3 Ra4 35. Rd2 Ra3 36. Kf4 Ke8 37. Ke5 Kd7 38. Kd5 Rc3 39. e5 c6+ 40. Ke4 Ke6 41. Rb2 1/2-1/2

[Event "Quebec op U1300"]
[Site "Montreal CAN"]
[Date "2012.07.27"]
[Round "8"]
[White "Boissiere, Nicolas"]
[Black "Montreuil, Carl"]
[Result "0-1"]
[WhiteElo "824"]
[BlackElo "1285"]
[PlyCount "56"]
[GameId "2160767909442257"]
[EventDate "2012.07.21"]
[EventType "swiss"]
[EventRounds "9"]
[EventCountry "CAN"]

1. d4 f5 2. c4 e6 3. Nc3 Nf6 4. Nf3 d6 5. Bg5 Be7 6. e3 O-O 7. Be2 Bd7 8. O-O Na6 9. Bd3 c6 10. Qb3 b6 11. c5 d5 12. Bxa6 b5 13. a4 Nh5 14. Bxe7 Qxe7 15. axb5 Rab8 16. Ne5 Be8 17. Rfb1 f4 18. e4 f3 19. Nxf3 Rxf3 20. Nxd5 exd5 21. Qxf3 Bg6 22. bxc6 Rf8 23. Qg4 Nf4 24. Rf1 Bh5 25. Qd7 Qg5 26. g3 Ne2+ 27. Kg2 Bf3+ 28. Kh3 Qh5# 0-1

[Event "Quebec op U1700"]
[Site "Montreal CAN"]
[Date "2012.07.21"]
[Round "1"]
[White "Gauthier, Martin"]
[Black "Blais, Georges"]
[Result "1/2-1/2"]
[WhiteElo "1364"]
[BlackElo "1545"]
[PlyCount "80"]
[GameId "2160767909442260"]
[EventDate "2012.07.21"]
[EventType "swiss"]
[EventRounds "9"]
[EventCountry "CAN"]
[SourceTitle "EXT 2022"]
[Source "ChessBase"]
[SourceDate "2021.10.06"]
[SourceVersion "1"]
[SourceVersionDate "2021.10.06"]
[SourceQuality "1"]

1. d4 f5 2. c4 Nf6 3. Nc3 e6 4. Nf3 b6 5. e3 Bb7 6. Be2 Be7 7. O-O O-O 8. Qc2 Qe8 9. d5 Qg6 10. Ne5 Qe8 11. Bf3 d6 12. Nd3 e5 13. Be2 Nbd7 14. f4 e4 15. Nf2 a5 16. Nb5 Qc8 17. Nd4 Nc5 18. b3 Ne8 19. Bb2 Bf6 20. Nh1 g6 21. Bc3 Ng7 22. Ng3 Qd7 23. Qb2 Qe7 24. Nb5 Bxc3 25. Qxc3 c6 26. dxc6 Bxc6 27. Nd4 Bb7 28. Rfd1 Rac8 29. Qb2 Nge6 30. Nb5 Rfd8 31. Rd2 Bc6 32. Nd4 Nxd4 33. Rxd4 Ne6 34. Rd2 Nc5 35. Rad1 Rd7 36. b4 axb4 37. Qxb4 Qd8 38. Nf1 Rb8 39. Rd4 Qc7 40. R4d2 Rbd8 1/2-1/2

[Event "Quebec op U1700"]
[Site "Montreal CAN"]
[Date "2012.07.21"]
[Round "1"]
[White "Koulen, Sasha"]
[Black "Lebeau, Samuel"]
[Result "1-0"]
[WhiteElo "1479"]
[BlackElo "1311"]
[PlyCount "95"]
[GameId "2160767909442261"]
[EventDate "2012.07.21"]
[EventType "swiss"]
[EventRounds "9"]
[EventCountry "CAN"]
[SourceTitle "EXT 2022"]
[Source "ChessBase"]
[SourceDate "2021.10.06"]
[SourceVersion "1"]
[SourceVersionDate "2021.10.06"]
[SourceQuality "1"]

1. e4 c5 2. b4 e5 3. Bb2 cxb4 4. Nf3 d6 5. Bc4 Nc6 6. d3 a6 7. a3 Bg4 8. axb4 Nxb4 9. c3 Nc6 10. Nbd2 Qd7 11. O-O Nf6 12. Qb3 Be6 13. Ng5 d5 14. Nxe6 dxc4 15. Nxf8 cxb3 16. Nxd7 Kxd7 17. Nxb3 b6 18. f3 Ke6 19. d4 exd4 20. cxd4 Nb4 21. Rfd1 Rhc8 22. d5+ Ke7 23. Rac1 Ne8 24. Ba3 a5 25. e5 Kd7 26. Rd2 Rxc1+ 27. Nxc1 Nc7 28. Bxb4 axb4 29. d6 Nb5 30. Kf2 Rc8 31. Ne2 Nc3 32. Nd4 Rc5 33. Nb3 Rxe5 34. Rd4 Nd5 35. Nd2 b3 36. Nc4 Rf5 37. g4 Rf4 38. Nxb6+ Nxb6 39. Rxf4 Kxd6 40. Rb4 Nd5 41. Rxb3 Ke6 42. Kg3 g5 43. Ra3 Nf4 44. Ra6+ Ke7 45. Rh6 Kf8 46. Rxh7 Kg8 47. Rh6 Ne6 48. h4 1-0